000
00419nam a2200145Ia 4500
008
090122s9999 xx 000 0 und d
082
_b
8294
_a
891.463
100
_a
तोरडमल
_b
मधुकर
245
_a
समज आणि उमज
600
_a
तोरडमल
630
_a
समज आणि उमज
700
_a
तोरडमल
730
_a
समज आणि उमज
942
_c
BOOK
999
_c
32371
_d
32371